000
00276 a2200121 4500
001
12551
082
_a
629.836TAO
090
_c
9571
_d
9571
100
_a
Tao,G
245
_a
Adaptive control design and analysis
260
_a
NJ
_b
Artech House
_c
2003
300
_a
xx, 618 p.
942
_a
NUST-CAE
_k
629.836TAO
999
_c
247624
_d
247624